000 00987nam a2200349Ia 4500
003 OSt
005 20220912144621.0
006 a|||||r|||| 00| 0
007 ta
008 220909b |||||||| |||| 00| 0 eng d
020 _a9780521873420 (hbk)
020 _aSL01535405
024 _a158727
037 _b898, 12/09/2011, Total Books India
037 _cTextual
040 _aCSL
_beng
_cCSL
041 _aeng
082 _aCN1,9B36, P7;14-;15 TC
100 _aKardar Mehran
245 0 _aStatistical physics of particles
260 _aNew York
_bCambridge
_c2007
300 _avii;320p.
500 _aIndex 318-320p
650 _a Probability
650 _a Quantum gases
650 _a Quantum statistical mechanics
650 _a Thermodynamics
650 _aPhysics
700 _aKardar Mehran
942 _hCN1,9B36, P7;14-;15 TC
_cTEXL
_2CC
999 _c13718
_d13718